LEADER 01702nam1-2200457---450- 001 990001279040203316 005 20090723161554.0 035 $a000127904 035 $aUSA01000127904 035 $a(ALEPH)000127904USA01 035 $a000127904 100 $a20031125d1995----km-y0itay0103----ba 101 0 $aita 102 $aIT 105 $ay|||z|||001yy 200 1 $a<> norme del mercato mobiliare$f[a cura di] ABI 210 $aRoma$cBancaria Editrice$dcopyr. 1995- 215 $a3 v.$d24 cm 225 2 $aCollana ABI Diritto e fisco 410 0$aCollana ABI diritto e fisco$12001 463 \1$1001990001279630203316$12001 $a<> <> disciplina delle attivitą e degli intermediari 463 \1$1001990001279820203316$12001 $a<> Norme comuni, gli OICVM, La raccolta del pubblico risparmio 463 \1$1001990001280010203316$12001 $a<> <> mercati di borsa, i mercati dei titoli di Stato, gli altri mercati regolamentati, gli organismi 606 0 $aMercati finanziari$xLegislazione 606 0 $aIntermediari finanziari$xLegislazione 676 $a346.4509 710 02$aITALIA$0423419 712 02$aAssociazione bancaria italiana 801 0$aIT$bsalbc$gISBD 912 $a990001279040203316 951 $aXXV.3.G 30/ (IG II 878/)$bE.C.$cIG II 959 $aBK 969 $aGIU 979 $aPAOLA$b90$c20031125$lUSA01$h1155 979 $aPAOLA$b90$c20031125$lUSA01$h1203 979 $aPAOLA$b90$c20031125$lUSA01$h1318 979 $aPATRY$b90$c20040406$lUSA01$h1731 979 $aBATCH-UPD$b90$c20080619$lUSA01$h1048 979 $aRSIAV4$b90$c20090723$lUSA01$h1615 996 $aNorme del mercato mobiliare$961363 997 $aUNISA LEADER 03973nam 2200637 n 450 001 996394331703316 005 20200824121850.0 035 $a(CKB)4940000000121747 035 $a(EEBO)2264234442 035 $a(UnM)99856602_178073e 035 $a(UnM)99856602_178073 035 $a(EXLCZ)994940000000121747 100 $a19921019d1632 uy | 101 0 $aeng 135 $aurbn||||a|bb| 200 00$aOf the lawes of ecclesiastical politie$b[electronic resource] $eeight bookes by Richard Hooker 210 $aLondon $cPrinted by William Stansbye - and are to be sold by George Lathum$d[1632] 215 $a[58], 453, [4], 454-583, [17] p 300 $aEditor's note "To the reader" signed: I.S., i.e. John Spenser. 300 $aIn fact books 1-5 only, plus the Tractates. 300 $aThe title page is engraved by William Hole. 300 $aPublication date from STC. 300 $aMany divisional title pages, register is continuous. Book 5 has separate letterpress title page dated 1632. "Certayne divine tractates, and other Godly sermons" has separate title page dated 1632 on 2V6; it includes a reprint of "A supplication made to the Privy Counsel" by Walter Travers. "The answere of Mr. Richard Hooker to a supplication, preferred by Mr. Walter Travers, to the honorable lords of the Privie Councell" has a separate title page dated 1631 on 2Y2r. "A learned discourse of justification, workes, and how the foundation of faith is overthrowne" has separate title page dated 1631 on 2Z6r. "Five learned sermons" has separate title page dated 1631 on 3C6r. "Two sermons upon part of S. Judes epistle" has separate title page dated 1631 on 3F2r. 300 $aIncludes indexes. 300 $aFollows chart 1-5g. Some copies are mixed--Cf. STC. 300 $a"A learned discourse of justification, workes, and how the foundation of faith is overthrowne" formerly 13710. 300 $aIdentified as STC 13710 and 13718a on UMI microfilm. 300 $aImperfect as filmed; the Cambridge University Library copy filmed at position 7 on reel 1383 contains only "A learned discouse of justification, workes, and how the foundation of faith is overthrowne". 300 $aReproductions of the originals in the Cambridge University Library. 300 $aAppears at reel 1383 (Cambridge University Library copy; same copy filmed twice). 300 $aBeginning-D1 and pages 498-503 from Union Theological Seminary (New York, N.Y.) copy spliced at end of last filming of Cambridge University Library copy. 330 $aeebo-0021 517 2 $aEcclesiastical polity. 517 2 $aAnsvvere of Mr. Richard Hooker to a supplication, preferred by Mr. Walter Trauers, to the Honorable Lords of the Priuie Councell. 517 2 $aAnswere of Mr. Richard Hooker to a supplication, preferred by Mr. Walter Travers, to the Honorable Lords of the Privie Councell. 517 2 $aLearned discourse of iustification, workes, and how the foundation of faith is ouerthrowne. 517 2 $aLearned discourse of justification, workes, and how the foundation of faith is overthrowne. 517 2 $aFiue learned sermons. 517 2 $aFive learned sermons. 517 2 $aTvvo sermons vpon part of S. Iudes. Epistle. 517 2 $aTwo sermons upon part of S. Judes. Epistle. 517 2 $aCertayne diuine tractates, and other godly sermons. 517 2 $aCertayne divine tractates, and other godly sermons. 606 $aEcclesiastical law$vEarly works to 1800 606 $aChurch polity$vEarly works to 1800 615 0$aEcclesiastical law 615 0$aChurch polity 700 $aHooker$b Richard$f1553 or 4-1600.$0193364 701 $aSpenser$b John$f1559-1614.$01005856 701 $aTravers$b Walter$f1547 or 8-1635.$01005857 702 $aHole$b William$fd. 1624, 801 0$bCu-RivES 906 $aBOOK 912 $a996394331703316 996 $aOf the lawes of ecclesiastical politie$92313656 997 $aUNISA LEADER 00765nas 2200277zu 450 001 9911056225303321 005 20260124141952.0 011 $a2753-5231 035 $a(CKB)45004199600041 035 $a(EXLCZ)9945004199600041 100 $a20260124cuuuuuuuu || | 101 0 $aeng 135 $aur||||||||||| 200 00$aSocial Policy Review 210 $aUnited Kingdom: $cPorcelain Publishing International Limited 311 08$a2515-4710 610 0$asocial policy 610 0$asocial governance 610 0$aanti-poverty 610 0$apopulation and pension policy 610 0$arural revitalization. 610 0$acommunity development 906 $aJOURNAL 912 $a9911056225303321 996 $aSocial Policy Review$93392534 997 $aUNINA